مكتبة جامعة عجلون الوطنية

فهرس بحث المكتبة

فرق ومذاهب قديمة ومعاصرة -عقائدها وجذورها الفكرية- ومعه مقدمات علمية حول الاختلاف في المنهج وما اليه (Record no. 34072)

MARC details
000 -LEADER
fixed length control field 00958nam a22002057a 4500
003 - CONTROL NUMBER IDENTIFIER
control field JO-AjAnu
005 - DATE AND TIME OF LATEST TRANSACTION
control field 20251013104524.0
008 - FIXED-LENGTH DATA ELEMENTS--GENERAL INFORMATION
fixed length control field 251013b jo ||||| |||| 00| 0 ara d
040 ## - CATALOGING SOURCE
Original cataloging agency ANU
Transcribing agency JO-AjAnu
041 ## - LANGUAGE CODE
Language code of original ARA
100 ## - MAIN ENTRY--PERSONAL NAME
Personal name خشان، ابي عبدالرحمن محمد
Relator term مؤلف
9 (RLIN) 66804
245 ## - TITLE STATEMENT
Title فرق ومذاهب قديمة ومعاصرة -عقائدها وجذورها الفكرية- ومعه مقدمات علمية حول الاختلاف في المنهج وما اليه
Statement of responsibility, etc. / بقلم ابي عبدالرحمن محمد خشان
250 ## - EDITION STATEMENT
Edition statement ط 1
260 ## - PUBLICATION, DISTRIBUTION, ETC.
Place of publication, distribution, etc. عمان :
Name of publisher, distributor, etc. جمعية مركز الإمام الالباني للدراسات والابحاث،
Date of publication, distribution, etc. 2018
300 ## - PHYSICAL DESCRIPTION
Extent 244 صفحة
490 ## - SERIES STATEMENT
Materials specified سلسلة الإصدارات العلمية (17)-الاصدار (78)
500 ## - GENERAL NOTE
General note يحتوي هذا الكتاب على آيات قرآنية
650 ## - SUBJECT ADDED ENTRY--TOPICAL TERM
Form subdivision فرق ومذاهب-الاسلام
942 ## - ADDED ENTRY ELEMENTS (KOHA)
Source of classification or shelving scheme Library of Congress Classification
Koha item type Books
Suppress in OPAC No
Holdings
Withdrawn status Lost status Source of classification or shelving scheme Damaged status Not for loan Home library Current library Date acquired Total Checkouts Full call number Barcode Date last seen Price effective from Koha item type
    Library of Congress Classification     مكتبة جامعة عجلون الوطنية مكتبة جامعة عجلون الوطنية 13/10/2025   BP191.K437.2018 A30421 13/10/2025 13/10/2025 Books
    Library of Congress Classification     مكتبة جامعة عجلون الوطنية مكتبة جامعة عجلون الوطنية 13/10/2025   BP191.K437.2018 A30420 13/10/2025 13/10/2025 Books